000 00782nas a2200265 4500
001 BR7904189
003 BR-BrBNA
005 20231205083818.0
007 ta
008 230509b bl.|||p| |||| 00| 00por d
040 _aBR-BrBNA
_bpor
_cBiblioteca Nacional de Agricultura
041 _a(Pt)
072 _aF00
100 1 _aPereira, F.M.
100 1 _aSimao, S.
100 1 _aMartins, F.P.
100 1 _aIgue, T.
245 1 _aEfeitos da giberelina sobre cachos da cultivar de videira niagara rosada [uva, Vitis vinifera]
650 _aUVA
650 _aREGULADOR DE CRESCIMENTO
650 _aACIDO GIBERELICO
773 0 _tCientifica (Brazil)
_xISSN 0100-0039
_g(1979), v. 7(1) p. 53-58
_wBR7904189
909 _a202311
_bLúcia
_c55
_dLúcia Elande
942 _2AGRIS
_n0
_cANA
999 _c101349
_d101349